000 00384nam a2200133Ia 4500
008 210430s9999 xx 000 0 und d
020 _a978-969-0-02400-8
082 _a346 H344 I
100 _aDr.Akhter Hasan Khan
_954399
245 4 _aThe Impact of Privatization in Pakistan /
_cDr.Akhter Hasan Khan
260 _aLahore
_bZaheer Salam
_c2012
300 _a167 p
942 _cBK
_2ddc
999 _c564974
_d564974